000 00455nam a2200169 a 4500
005 20140311163003.0
008 021014s19uu xx 00 eng d
050 _aQP 36
_b.M54 2000
100 _aCohen, Barbara J.
245 _aMemmler's structure and function of the human body /
_cBarbara J. Cohen.
250 _a7th
300 _a378 p. :
_bill. ;
_c28 cm.
650 _aAnatomy
650 _aPhysiology
942 _cBK
_2lcc
_kFOR
999 _c39237
_d39237